The use of rubber in latex products and consumption trends for latex goods in the short and medium term (Record no. 71141)

MARC details
000 -LEADER
fixed length control field 00406nam a2200133Ia 4500
100 ## - MAIN ENTRY--AUTHOR NAME
Personal name Abu Talib Bin Bachik
245 #4 - TITLE STATEMENT
Title The use of rubber in latex products and consumption trends for latex goods in the short and medium term
260 ## - PUBLICATION, DISTRIBUTION, ETC. (IMPRINT)
Name of publisher Malaysian Rubber Review
Year of publication 1997
300 ## - PHYSICAL DESCRIPTION
Number of Pages 32-40
650 ## - SUBJECT ADDED ENTRY--TOPICAL TERM
Topical Term Latex products
650 ## - SUBJECT ADDED ENTRY--TOPICAL TERM
Topical Term Rubber
942 ## - ADDED ENTRY ELEMENTS (KOHA)
Koha item type Journals
Holdings
Withdrawn status Lost status Damaged status Not for loan Home library Current library Shelving location Date acquired Serial Enumeration / chronology Koha item type
      Journals RRII Library RRII Library Agricultural economics 17/12/2021 Volume 18, Issue 2nd Q Journals